| 000 | 00000nam##2200000za#4500 |
| 001 | 9.662183 |
| 003 | CaOODSP |
| 005 | 20200330132301 |
| 007 | ta |
| 008 | 150407|2000||||xxc||||| f|0| 0 eng|d |
| 020 | |a0-662-64891-9 |
| 040 | |aCaOODSP|beng |
| 041 | |aeng |
| 041 | |afre |
| 043 | |an-cn--- |
| 086 | 1 |aMR21-20/2000 |
| 110 | 2 |aCanadian Institutes of Health Research. |
| 245 | 10|aBeyond the granting agency : |bthe Medical Research Council in the 1990's / |cby Michael Bliss. |
| 260 | |aOttawa - Ontario : |bCanadian Institutes of Health Research |c2000. |
| 300 | |aEnglish text, 27p. : |billus. ; |c15 cm. |
| 500 | |aN.B.: This publication was previously listed in Weekly Checklist 2000 No. 17, April 4, 2000. |
| 546 | |aBilingual |
| 563 | |aSoftcover |
| 590 | |a00-36|b2000-09-08 |
| 690 | 07|aMedical research|2gcpds |
| 690 | 07|aFuture|2gcpds |
| 690 | 07|aCommemoration|2gcpds |
| 720 | 1 |aBliss, Michael |
| 776 | 0#|tAu-delà de l'organisme subventionnaire : |w(CaOODSP)9.640502 |
| 776 | 0#|tBeyond the granting agency : |w(CaOODSP)9.696386 |
| 792 | |tAu-delà de l'organisme subventionnaire : |efre|w(CaOODSP)9.662184 |